[Event "Kleve op"]
[Site "Kleve"]
[Date "2002.05.10"]
[Round "3"]
[White "Peters, Georg"]
[Black "Koch, Frank"]
[Result "0-1"]
[WhiteElo "1693"]
[BlackElo "2230"]
[PlyCount "124"]
[EventDate "2002.05.09"]
[EventType "swiss"]
[EventRounds "7"]
[EventCountry "GER"]
[SourceTitle "EXT 2008"]
[Source "ChessBase"]
[SourceDate "2007.11.25"]
[SourceVersion "1"]
[SourceVersionDate "2007.11.25"]
[SourceQuality "1"]

1. d4 Nf6 2. Nf3 e6 3. c4 b6 4. a3 Bb7 5. Nc3 d5 6. Qc2 Be7 7. cxd5 Nxd5 8. Bd2 Nd7 9. e4 N5f6 10. Bc4 h6 11. Rd1 a6 12. 0-0 Qc8 13. d5 e5 14. Ne2 Bd6 15. Ng3 g6 16. Bc3 Kf8 17. Qd2 Qd8 18. Rfe1 Qe7 19. a4 Kg8 20. b4 Nf8 21. Qb2 Re8 22. b5 a5 23. Qa1 N8d7 24. Bb2 Bc8 25. Bb3 Nc5 26. Bc2 h5 27. h3 h4 28. Nf1 Nh5 29. Bc1 f6 30. Nxh4 Qh7 31. Qc3 Ng7 32. Nf3 g5 33. Nxg5 fxg5 34. Bxg5 Qg6 35. h4 Nd7 36. Re3 Bc5 37. Rf3 Nh5 38. Ng3 Kh7 39. Nxh5 Qxh5 40. Bf6 Rhf8 41. Rf5 Qg6 42. h5 Qxf6 43. Rxf6 Nxf6 44. Rd2 Re7 45. Re2 Bg4 46. Re3 Bxe3 47. Qxe3 Bxh5 48. d6 Rd7 49. dxc7 Rxc7 50. Bb3 Rc5 51. Qh3 Kg7 52. Qe6 Bf7 53. Qxb6 Rc1+ 54. Kh2 Bxb3 55. Qxa5 Nxe4 56. Qa7+ Bf7 57. Kh3 Rh1+ 58. Kg4 Nf6+ 59. Kf3 Ra1 60. b6 e4+ 61. Kf4 Nd5+ 62. Kxe4 Rxa4+ 0-1